| 000 | 00683cam a2200205 a 4500 | ||
|---|---|---|---|
| 001 | 000002118 | ||
| 005 | 20200929145835.0 | ||
| 008 | 810212s1965 sp a b 000 0 spa | ||
| 040 |
_aDO-SdBNP _bspa _cBNPHU |
||
| 082 |
_a325.46 _bG216e |
||
| 100 | 1 |
_aGarcía Fernández, Jesús _96796 |
|
| 245 | 1 | 3 |
_aLa emigración exterior de España / _cJesús García Fernández. |
| 260 |
_aBarcelona : _bAriel, _c1965. |
||
| 300 |
_a302 p. : _bil. ; _c20 cm. |
||
| 490 | 1 | _aCiencia económica | |
| 490 | 1 | _aEconomía y sociedad | |
| 651 | 4 |
_aEspaña _xEmigración E Inmigración _96797 |
|
| 650 | 4 |
_aIntegración social _zEspaña _96798 |
|
| 830 | 0 |
_aCiencia económica, _pEconomía y sociedad. _96799 |
|
| 999 |
_c1974 _d1974 |
||